Loading...
| Science - Biology | 0 | 5 | 1 | 1 | 45 | 53 | 74.20 | 0 | 1 | 13.57 | 18.18 |
| Mythology | 0 | 3 | 0 | 0 | 30 | 28 | 56.00 | 2 | 3 | 13.98 | 25.00 |
| Science - Chemistry | 0 | 3 | 0 | 0 | 30 | 66 | 80.67 | 0 | 2 | 7.64 | 20.47 |
| History - American | 0 | 3 | 1 | 0 | 25 | 52 | 55.67 | 0 | 0 | 13.03 | 13.03 |
| Religion | 0 | 2 | 0 | 0 | 20 | 46 | 47.00 | 0 | 2 | 11.52 | 14.85 |
| Science - Other | 0 | 2 | 1 | 0 | 15 | 56 | 57.50 | 0 | 0 | 8.22 | 8.33 |
| Science - Physics | 0 | 1 | 0 | 0 | 10 | 66 | 66.00 | 0 | 0 | 3.54 | 5.30 |
| Fine Arts - Painting and Sculpture | 0 | 1 | 0 | 0 | 10 | 95 | 95.00 | 0 | 0 | 2.07 | 6.06 |
| History - European | 0 | 1 | 0 | 0 | 10 | 32 | 32.00 | 0 | 1 | 6.37 | 8.33 |
| History - World | 0 | 1 | 0 | 0 | 10 | 65 | 65.00 | 0 | 0 | 3.30 | 4.55 |
| Literature - American | 0 | 1 | 0 | 0 | 10 | 63 | 63.00 | 0 | 1 | 3.98 | 7.58 |
| Literature - British | 0 | 1 | 0 | 0 | 10 | 37 | 37.00 | 1 | 1 | 6.14 | 7.44 |
| Fine Arts - Other | 0 | 1 | 0 | 0 | 10 | 96 | 96.00 | 0 | 0 | 1.44 | 3.31 |
| Philosophy | 0 | 0 | 1 | 0 | -5 | 0.00 | 0 | 0 | 0.00 | 0.00 |